000
00302nam a22001217a 4500
008
160504b xxu||||| |||| 00| 0 eng d
020
_a
9780534578046
020
_a
0534578047
041
_a
eng
080
_a
612.39
245
_a
Nutrition concepts and controversies:
_c
Margaret Hedley;
942
_2
udc
_c
BK
999
_c
1774
_d
1774